<?xml version="1.0" encoding="UTF-8"?>
<marc:record xmlns:marc="http://www.loc.gov/MARC21/slim">
   <marc:leader>00000nam a2200000 a 4500</marc:leader>
   <marc:datafield ind1="1" ind2=" " tag="100">
      <marc:subfield code="a">Schwartz, Gesa</marc:subfield>
      <marc:subfield code="4">aut</marc:subfield>
      <marc:subfield code="e">Verfasser/-in</marc:subfield>
   </marc:datafield>
   <marc:datafield ind1="0" ind2="0" tag="245">
      <marc:subfield code="a">Die Chroniken der Schattenwelt</marc:subfield>
   </marc:datafield>
   <marc:datafield ind1="0" ind2="0" tag="245">
      <marc:subfield code="c">Gesa Schwartz</marc:subfield>
   </marc:datafield>
   <marc:datafield ind1=" " ind2="1" tag="264">
      <marc:subfield code="a">Köln</marc:subfield>
      <marc:subfield code="b">LYX Egmont</marc:subfield>
      <marc:subfield code="c">2011</marc:subfield>
   </marc:datafield>
   <marc:datafield ind1=" " ind2=" " tag="250">
      <marc:subfield code="a">Orig.-Ausg., 1. Aufl.</marc:subfield>
   </marc:datafield>
   <marc:datafield ind1="1" ind2=" " tag="520">
      <marc:subfield code="a">Angaben aus der Verlagsmeldung

Die Chroniken der Schattenwelt : Nephilim / von Gesa Schwartz

Der junge Nando lebt bei seiner Tante in Rom. In einem Traum erscheint ihm ein geheimnisvoller Fremder, der ihn zu sich ruft. Kurz darauf gehen merkwürdige Veränderungen mit dem Jungen vor: Er entwickelt plötzlich übermenschliche Fähigkeiten und wird von einem gefährlichen Schattenwesen verfolgt, das ihm nach dem Leben trachtet. Nur um Haaresbreite kommt Nando mit heiler Haut davon und macht eine unglaubliche Entdeckung: Er ist ein Nephilim, und damit nicht genug: Er ist der Sohn des Teufels. Luzifer will sich Nandos Kräfte zunutze machen, um die Tore zur Hölle zu öffnen und sich zum Herrscher über die Welt der Menschen aufzuschwingen. Um dieses Schicksal abzuwenden und sein Leben zu retten, hat Nando nur eine Chance: Er muss sich der Finsternis stellen.
</marc:subfield>
   </marc:datafield>
   <marc:datafield ind1=" " ind2=" " tag="020">
      <marc:subfield code="a">9783802584572</marc:subfield>
      <marc:subfield code="9">9783802584572</marc:subfield>
   </marc:datafield>
   <marc:datafield ind1=" " ind2=" " tag="020">
      <marc:subfield code="a">3802584570</marc:subfield>
      <marc:subfield code="9">3802584570</marc:subfield>
   </marc:datafield>
   <marc:datafield ind1=" " ind2=" " tag="300">
      <marc:subfield code="a">602 S.</marc:subfield>
   </marc:datafield>
</marc:record>
